| 000 | 00453nam a22001577a 4500 | ||
|---|---|---|---|
| 005 | 20231114085741.0 | ||
| 008 | 231114b |||||||| |||| 00| 0 eng d | ||
| 041 | _aEnglish | ||
| 082 | _a345 LEG | ||
| 100 | _lEnglish | ||
| 245 | _aA Guide To The Combating Of Rape Act | ||
| 260 |
_aWindhoek : _bLegal Assistance Centre, _c2001 |
||
| 300 |
_b44 pages ; _c30,5 cm. |
||
| 650 |
_aLegal practice _bLaw |
||
| 942 |
_cBK _6ALISON_BN_VRIES |
||
| 999 |
_c611 _d611 |
||